Statistics for Star Wars A-Z 2

Click here to take the quiz!

General Stats

  • This quiz has been taken 1,005 times
    (912 since last reset)
  • The average score is 19 of 26

Answer Stats

HintAnswer% Correct
FWhat Vader is to LukeFather
95%
HJabba the _____Hutt
95%
LJedi weapon of choiceLightsaber
95%
JBoba's dadJango Fett
94%
OAnakin's masterObi-Wan Kenobi
94%
PMother of twinsPadme Amidala
94%
AThe Death Star's first victimAlderaan
93%
MPurple light saber wielderMace Windu
93%
BThe last name of the dumbest, most hated character in Star WarsBinks
90%
EWicket is an example of thisEwok
87%
TJawa's home planetTatooine
86%
CThe entire planet is one continuous cityCoruscant
79%
RJabba's beastRancor
77%
YRebel Base (Episode 4)Yavin
75%
KPlanet with weather problemsKamino
71%
SEvil podracerSebulba
69%
WShmi's ownerWatto
69%
GJango's GraveGeonosis
64%
ULocation of Gungan CityUnderwater
60%
IWhat the 'I' stands for in TIE Fighter (Twin ___ Engine)Ion
57%
ZPadme's would-be killerZam Wessel
56%
VChancellor that was voted outValorum
54%
QWhat Luke did after he cut off Vader's hand and realized what he didQuit
52%
DThe Dark Side's WMDDeath Star
49%
XWhat a robot probably gave Luke at the end of Episode 5X-ray
39%
NAnimal that nearly killed Padme on GeonosisNexu
26%

Score Distribution

Percentile by Number Answered

Percent of People with Each Score

Your Score History

You have not taken this quiz since the last reset